000 00582nam a2200205Ia 4500
001 21090
003 GE_BSU
008 181216s||||||||xx |||||||||||||| ||und||
040 _cGE_BSU
245 _aГосударство и право. №6. 2017. Июнь
245 _cГл.ред.А.С.Автономов
260 _aМосква
260 _bНаука
260 _c2017
300 _a128 стр. 29см.
653 _aГосударство и право. №6. 2017. Июнь
653 _aПериодика
653 _aპერიოდიკა
942 _cCR
999 _c54038
_d54038